On This Day (December 23rd) Multiple Choice - Statistics

General Stats
  • This quiz has been taken 8 times
  • The average score is 5 of 15
Answer Stats
Question Answer % Correct
2007 – An agreement is made for the Kingdom of which nation to be abolished and the country to become a federal republic with the Prime Minister becoming head of state ? Nepal
80%
1876 – First day of the Constantinople Conference which resulted in agreement for political reforms in which region ? Balkans
60%
1968 – The 82 sailors from the USS Pueblo are released after eleven months of internment in which country ? North Korea
60%
1936 – Colombia becomes a signatory to a 1910 copyright treaty signed in which city ? Buenos Aires
40%
1893 – Which opera by Engelbert Humperdinck is first performed ? Hansel and Gretel
40%
1972 – A 6.5 magnitude earthquake strikes which Central American capital killing more than 10,000 ? Managua
40%
1947 – The transistor is first demonstrated at Bell Laboratories. Bell Labs is now owned by which tech company ? Nokia
40%
1990 – In a referendum, 88.5% of which country's overall electorate vote for independence from Yugoslavia ? Slovenia
40%
1972 – The 16 survivors of the Andes flight disaster, that survived by resorting to cannabalism, are rescued after how many days ? 73
20%
1815 – Which novel by Jane Austen is first published ? Emma
20%
1941 – World War II: After 15 days of fighting, the Imperial Japanese Army occupies which island ? Wake Island
20%
1914 – World War I: Australian and New Zealand troops arrive in which African city ? Cairo
0%
1572 – Theologian Johann Sylvan is executed in which now German city for his heretical Antitrinitarian beliefs ? Heidelburg
0%
1954 – The first successful transplant of which organ is performed by J. Hartwell Harrison and Joseph Murray ? Kidney
0%
583 – Maya queen Yohl Ik'nal is crowned ruler of which Mayan city ? Palenque
0%
No matching quizzes found
Score Distribution
Percent of People with Each Score
Percentile by Number Answered
Your Score History
You have not taken this quiz